[Event "Ann Arbor Holiday Open"]
[Site "Ann Arbor, Mich."]
[Date "1992.12.12"]
[Round "4"]
[White "Santiago, Rey"]
[Black "Moody, David"]
[Result "0-1"]
[WhiteElo "2047"]
[BlackElo "2000"]
[PlyCount "68"]
[EventDate "1992.12.12"]

1. e4 e5 2. Nf3 Nc6 3. Bb5 a6 4. Ba4 Nf6 5. d4 Nxe4 6. Qe2 b5 7. Bb3 d5 8. dxe5
Bc5 9. O-O Bg4 10. Bf4 Nd4 11. Qd3 Bxf3 12. gxf3 Qh4 13. Bxd5 O-O-O 14. Qxe4
Qxf4 15. Qxf4 Ne2+ 16. Kh1 Nxf4 17. Bxf7 Bd4 18. c3 Bxe5 19. a4 Rhf8 20. Bb3
Kb7 21. axb5 axb5 22. Na3 c6 23. Rfe1 Rf5 24. Re3 Nd3 25. Bc2 Nxf2+ 26. Kg2 Rd2
27. Kf1 Ng4 28. Re2 Rxf3+ 29. Ke1 Rxe2+ 30. Kxe2 Rf2+ 31. Kd3 Rxh2 32. Rf1 Kb6
33. Rf7 Bf6 34. c4 Ne5+ 0-1

[Event "Ann Arbor Holiday Open"]
[Site "Ann Arbor, Mich."]
[Date "1992.12.12"]
[Round "3"]
[White "Moody, David"]
[Black "Welch, Joseph"]
[Result "1-0"]
[WhiteElo "2000"]
[BlackElo "1617"]
[PlyCount "31"]
[EventDate "1992.12.12"]

1. e4 e6 2. d4 d5 3. Nc3 Bb4 4. e5 c5 5. a3 cxd4 6. axb4 dxc3 7. Nf3 cxb2 8.
Bxb2 Ne7 9. Bd3 Bd7 10. O-O O-O 11. Bxh7+ Kxh7 12. Ng5+ Kg6 13. Qg4 Kh6 14.
Qh4+ Kg6 15. Qh7+ Kxg5 16. Bc1+ 1-0

[Event "Ann Arbor Holiday Open"]
[Site "Ann Arbor, Mich."]
[Date "1992.12.12"]
[Round "2"]
[White "Moody, David"]
[Black "Kane, Paul"]
[Result "1-0"]
[WhiteElo "2000"]
[BlackElo "1387"]
[PlyCount "59"]
[EventDate "1992.12.12"]

1. e4 c6 2. d4 d5 3. exd5 cxd5 4. Bd3 Nf6 5. Bf4 Nc6 6. c3 Bg4 7. Qb3 Qb6 8.
Nd2 Qxb3 9. axb3 e6 10. Ngf3 a6 11. b4 b5 12. Bxb5 Kd7 13. Ne5+ Kc7 14. Bxc6
Ra7 15. Nxg4+ Kxc6 16. Nxf6 gxf6 17. Ke2 Bg7 18. Ra5 e5 19. dxe5 fxe5 20. Be3
Raa8 21. Rha1 d4 22. cxd4 exd4 23. Bf4 Rhe8+ 24. Kd3 Kb6 25. Nc4+ Kc6 26. Rc5+
Kb7 27. Rc7+ Kb8 28. Re7+ Kc8 29. Nb6+ Kd8 30. Rd7# 1-0

[Event "Ann Arbor Holiday Open"]
[Site "Ann Arbor, Mich."]
[Date "1992.12.12"]
[Round "5"]
[White "Moody, David"]
[Black "Carrara, Walter"]
[Result "1-0"]
[WhiteElo "2000"]
[BlackElo "1737"]
[PlyCount "53"]
[EventDate "1992.12.12"]

1. e4 e5 2. Nf3 Nc6 3. d4 d6 4. Bc4 Bg4 5. c3 Nf6 6. Bg5 h6 7. Bh4 g5 8. Bg3
Nxe4 9. Qb3 Qd7 10. Bd5 Nxg3 11. hxg3 O-O-O 12. Nxg5 exd4 13. Nxf7 Re8+ 14. Kf1
Rh7 15. cxd4 Qe7 16. Nc3 Bg7 17. Qc2 Rhh8 18. Nxh8 Bxh8 19. Bxc6 bxc6 20. Qa4
Kd7 21. d5 Be2+ 22. Kg1 Bb5 23. Nxb5 cxb5 24. Qxb5+ Kd8 25. Rxh6 Bd4 26. Re6
Bxf2+ 27. Kf1 1-0

[Event "Ann Arbor Holiday Open"]
[Site "Ann Arbor, Mich."]
[Date "1992.12.12"]
[Round "1"]
[White "Lovejoy, John"]
[Black "Moody, David"]
[Result "0-1"]
[WhiteElo "1451"]
[BlackElo "2000"]
[PlyCount "40"]
[EventDate "1992.12.12"]

1. e4 e5 2. Nf3 Nc6 3. Bc4 Nf6 4. d3 Bc5 5. Bg5 d6 6. O-O h6 7. Bh4 g5 8. Bg3
Bg4 9. h3 Bh5 10. c3 Qd7 11. Nbd2 Rg8 12. Kh2 g4 13. hxg4 Nxg4+ 14. Kh1 O-O-O
15. Qb3 Rg7 16. Nh4 Rdg8 17. Nf5 Rg5 18. Nf3 Nxf2+ 19. Bxf2 Bxf3 20. Bxc5 Rh5+
0-1

[Event "Ebeneezer Scrooge Memorial"]
[Site "Ypsilanti, Mich."]
[Date "1992.12.20"]
[Round "1"]
[White "Smeckert, Dennis"]
[Black "Moody, David"]
[Result "0-1"]
[WhiteElo "1320"]
[BlackElo "2000"]
[PlyCount "98"]
[EventDate "1992.12.20"]

1. e4 e5 2. Nf3 Nc6 3. Bb5 a6 4. Bxc6 dxc6 5. O-O Qd6 6. d4 exd4 7. Qxd4 Qxd4
8. Nxd4 Bd7 9. Ne2 O-O-O 10. Bf4 Nf6 11. Nbc3 Bg4 12. e5 Nd5 13. h3 Nxf4 14.
Nxf4 Bf5 15. Rfe1 Bxc2 16. e6 fxe6 17. Nxe6 Rd2 18. Re2 Rxe2 19. Nxe2 g6 20.
Nxf8 Rxf8 21. f4 Bd3 22. Kf2 Bxe2 23. Kxe2 Rxf4 24. Rd1 Rf5 25. b4 Re5+ 26. Kf3
Rd5 27. Re1 Kd7 28. Re4 a5 29. bxa5 Rxa5 30. Rh4 Ra3+ 31. Kf2 Rxa2+ 32. Kf3 h5
33. Rd4+ Ke6 34. g4 Ra3+ 35. Kg2 hxg4 36. Rxg4 Kf5 37. Rd4 c5 38. Rd7 b5 39.
Rd5+ Kf4 40. Rxc5 b4 41. Rc4+ Kf5 42. Rxb4 c5 43. Rg4 Rc3 44. Ra4 c4 45. Ra8
Rc2+ 46. Kf1 c3 47. Ra1 Rh2 48. Ra5+ Ke4 49. Ra6 c2 0-1

[Event "Ebeneezer Scrooge Memorial"]
[Site "Ypsilanti, Mich."]
[Date "1992.12.20"]
[Round "3"]
[White "Santiago, Rey"]
[Black "Moody, David"]
[Result "0-1"]
[WhiteElo "2047"]
[BlackElo "2000"]
[PlyCount "81"]
[EventDate "1992.12.20"]

1. e4 e5 2. Nf3 Nc6 3. Bb5 a6 4. Ba4 Nf6 5. O-O Be7 6. Re1 b5 7. Bb3 O-O 8. d3
d6 9. c3 Na5 10. Bc2 c5 11. Nbd2 Bd7 12. Nf1 Re8 13. Ne3 Bf8 14. Nd5 Nxd5 15.
exd5 Bg4 16. h3 Bh5 17. g4 Bg6 18. a4 c4 19. dxc4 Nxc4 20. Ng5 Nxb2 21. Qe2 Nc4
22. Bxg6 hxg6 23. Qf3 Qf6 24. Qg3 Be7 25. Qh4 Bd8 26. axb5 Ba5 27. Qh7+ Kf8 28.
Ne4 Qf3 29. Qh8+ Ke7 30. Bg5+ Kd7 31. Qxg7 Rf8 32. Rxa5 Nxa5 33. Re3 Qd1+ 34.
Kg2 Qxd5 35. Qf6 Qe6 36. Qf3 axb5 37. Rd3 Rac8 38. Nxd6 e4 39. Nxe4+ Kc7 40.
Bf4+ Kb6 41. Rd6+ 0-1

[Event "Ebeneezer Scrooge Memorial"]
[Site "Ypsilanti, Mich."]
[Date "1992.12.20"]
[Round "4"]
[White "Moody, David"]
[Black "Smith, Les LeRoy"]
[Result "0-1"]
[WhiteElo "2000"]
[BlackElo "2014"]
[PlyCount "84"]
[EventDate "1992.12.20"]

1. e4 c5 2. c3 Nc6 3. d4 cxd4 4. Nf3 Nf6 5. e5 Nd5 6. cxd4 e6 7. Bc4 Nb6 8. Bb3
d5 9. O-O Be7 10. Nc3 Bd7 11. Bf4 Na5 12. Bc2 Nbc4 13. b3 Na3 14. Bd3 a6 15.
Qe2 h6 16. Rfc1 Rc8 17. Bd2 Nc6 18. Na4 b5 19. Nc5 Nxd4 20. Nxd4 Bxc5 21. Rxc5
Rxc5 22. Bb4 Qb6 23. Bxa3 b4 24. Bb2 O-O 25. Rc1 Rxc1+ 26. Bxc1 Qxd4 27. Bb2
Qc5 28. Bxa6 Ra8 29. g4 Qb6 30. Bd3 Rxa2 31. Bb1 Ra8 32. Qd3 g6 33. Qd2 Kg7 34.
Qf4 Qd8 35. Bd3 Rb8 36. Bc1 Qh4 37. Qf3 Bb5 38. Bxb5 Rxb5 39. Qe2 Rc5 40. Be3
Rc3 41. f3 Rxb3 42. Qc2 Qe1+ 0-1

[Event "Ebeneezer Scrooge Memorial"]
[Site "Ypsilanti, Mich."]
[Date "1992.12.20"]
[Round "5"]
[White "McCarter, Robert"]
[Black "Moody, David"]
[Result "0-1"]
[WhiteElo "1700"]
[BlackElo "2000"]
[PlyCount "74"]
[EventDate "1992.12.20"]

1. d4 Nf6 2. Nf3 g6 3. Bg5 Bg7 4. Nbd2 d6 5. e3 O-O 6. Be2 Nbd7 7. O-O c5 8. c3
b6 9. b4 Bb7 10. Qb3 a5 11. bxa5 Rxa5 12. Nc4 Ra7 13. Rab1 Be4 14. Rb2 Nd5 15.
Ncd2 N7f6 16. Nxe4 Nxe4 17. Qxd5 Nxc3 18. Qc4 Ne4 19. Rfb1 d5 20. Qc2 cxd4 21.
Rxb6 dxe3 22. Bxe3 Rc7 23. Qb3 Nc3 24. Re1 Nxe2+ 25. Rxe2 d4 26. Bd2 e5 27.
Nxe5 Re8 28. f4 d3 29. Re1 Qd4+ 30. Kf1 Bxe5 31. fxe5 Rc2 32. Rd6 Qh4 33. Rxd3
Rec8 34. Rd7 R8c4 35. Qb8+ Kg7 36. Qe8 Rf4+ 37. Bxf4 Qf2# 0-1

[Event "Pan Am Open"]
[Site "Detroit, Mich."]
[Date "1992.12.27"]
[Round "1"]
[White "Pratto, Ralph"]
[Black "Moody, David"]
[Result "0-1"]
[WhiteElo "1531"]
[BlackElo "2000"]
[PlyCount "58"]
[EventDate "1992.12.27"]

1. d4 Nf6 2. Nf3 d5 3. e3 Bf5 4. c4 c6 5. Ne5 e6 6. Qb3 Qb6 7. Qxb6 axb6 8. Bd2
Bxb1 9. Rxb1 Rxa2 10. Bd3 Bd6 11. f4 Nbd7 12. O-O Ke7 13. Bc3 dxc4 14. Nxc4 Nd5
15. Bd2 Nb4 16. Be4 Nd5 17. Bxd5 exd5 18. Nxd6 Kxd6 19. Rfc1 c5 20. Rc3 Nf6 21.
Ra3 Ra8 22. Rb3 Kc6 23. dxc5 bxc5 24. h3 Ne4 25. Bc3 Ra1 26. Rxa1 Rxa1+ 27. Kh2
c4 28. Rb4 Nxc3 29. bxc3 Rc1 0-1

[Event "Pan-Am Collegiate Team"]
[Site "?"]
[Date "1992.12.27"]
[Round "1"]
[White "Aldrich, Jeff"]
[Black "Rao, Vivek"]
[Result "0-1"]
[WhiteElo "1947"]
[BlackElo "2578"]
[PlyCount "42"]
[EventDate "1992.??.??"]

1. d4 Nf6 2. c4 g6 3. Nc3 d5 4. cxd5 Nxd5 5. e4 Nxc3 6. bxc3 Bg7 7. Bc4 O-O 8.
Nf3 c5 9. O-O cxd4 10. cxd4 Nc6 11. Be3 Bg4 12. Rb1 Rc8 13. Be2 Bxf3 14. Bxf3
Bxd4 15. Bxd4 Nxd4 16. Rxb7 a5 17. Bg4 e6 18. Qa4 h5 19. Rd7 Rc4 20. Qxc4 Qxd7
21. Rd1 Rd8 0-1

[Event "Pan Am Open"]
[Site "Detroit, Mich."]
[Date "1992.12.28"]
[Round "3"]
[White "Tracz, James"]
[Black "Moody, David"]
[Result "0-1"]
[WhiteElo "1690"]
[BlackElo "2000"]
[PlyCount "46"]
[EventDate "1992.12.27"]

1. d4 Nf6 2. Bg5 Ne4 3. Bf4 g5 4. Nd2 Nxf2 5. Bxc7 Nxd1 6. Bxd8 Ne3 7. Kf2 Nxf1
8. Ba5 Nxd2 9. Bxd2 Bg7 10. Nf3 g4 11. Ne5 d6 12. Nc4 Bxd4+ 13. e3 Bf6 14. Rhf1
Be6 15. Na5 b6 16. Nb3 Bxb2 17. Rad1 Be5 18. Kg1 Nd7 19. Bb4 Rc8 20. Rf2 O-O
21. Nc1 Rc4 22. Nd3 Rfc8 23. Nxe5 Nxe5 0-1

[Event "Pan Am Open"]
[Site "Detroit, Mich."]
[Date "1992.12.28"]
[Round "2"]
[White "Moody, David"]
[Black "Turner, Keita"]
[Result "1/2-1/2"]
[WhiteElo "2000"]
[BlackElo "1747"]
[PlyCount "110"]
[EventDate "1992.12.27"]

1. e4 c5 2. c3 Nf6 3. e5 Nd5 4. d4 cxd4 5. cxd4 Nc6 6. Bc4 Nc7 7. Nf3 d5 8.
exd6 Qxd6 9. O-O e6 10. d5 Nxd5 11. Qe2 Be7 12. Rd1 O-O 13. Na3 Rd8 14. Nb5 Qd7
15. Bxd5 exd5 16. Bf4 Qe6 17. Qxe6 Bxe6 18. Nc7 Rac8 19. Re1 Bd6 20. Bxd6 Rxd6
21. Nb5 Rd7 22. Rac1 a6 23. Nbd4 Rd6 24. Ng5 Re8 25. Ndxe6 fxe6 26. f4 h6 27.
Nf3 Re7 28. Ne5 Nxe5 29. Rxe5 Rc6 30. Rce1 Kf7 31. f5 Kf6 32. g4 Rc1 33. Rxe6+
Rxe6 34. Rxc1 Re2 35. b4 Rxa2 36. Rc7 b5 37. Rc6+ Ke7 38. Re6+ Kf7 39. Rd6 Rd2
40. Rxa6 Rd4 41. h3 Rxb4 42. Rd6 Rd4 43. Kf2 h5 44. Ke3 Re4+ 45. Kf3 hxg4+ 46.
hxg4 Rd4 47. g5 b4 48. g6+ Ke7 49. Re6+ Kf8 50. Rb6 Ke7 51. Re6+ Kf8 52. Rb6
Re4 53. Rd6 Re5 54. Kf4 Re4+ 55. Kf3 Rd4 1/2-1/2

[Event "Pan-Am Collegiate Team"]
[Site "?"]
[Date "1992.12.28"]
[Round "2"]
[White "Brink, Rick"]
[Black "Aldrich, Jeff"]
[Result "0-1"]
[WhiteElo "2055"]
[BlackElo "1947"]
[PlyCount "66"]
[EventDate "1992.??.??"]

1. e4 c6 2. d4 d5 3. e5 Bf5 4. Bg5 Qb6 5. Bc1 e6 6. Bd3 Ne7 7. Ne2 Bxd3 8. Qxd3
Nf5 9. Nd2 c5 10. c3 Nc6 11. Nf3 Rc8 12. O-O Be7 13. dxc5 Bxc5 14. b4 Be7 15.
a3 Qc7 16. Bf4 h6 17. Ned4 g5 18. Bg3 Nxg3 19. fxg3 g4 20. Nxc6 bxc6 21. Nd4
Qxe5 22. Rae1 Qc7 23. Rxe6 fxe6 24. Qg6+ Kd7 25. Qxe6+ Kd8 26. Qxg4 Qd6 27.
Ne6+ Kd7 28. Re1 Rhg8 29. Qf5 Ke8 30. Nc5 Rb8 31. Re6 Rg5 32. Qh7 Qc7 33. Rg6
Bxc5+ 0-1

[Event "Pan Am Open"]
[Site "Detroit, Mich."]
[Date "1992.12.29"]
[Round "5"]
[White "Rajlich, Vasik"]
[Black "Moody, David"]
[Result "1-0"]
[WhiteElo "2081"]
[BlackElo "2000"]
[PlyCount "77"]
[EventDate "1992.12.27"]

1. e4 e6 2. d4 d5 3. Nc3 Bb4 4. e5 c5 5. a3 Bxc3+ 6. bxc3 Ne7 7. Qg4 Qc7 8.
Qxg7 Rg8 9. Qxh7 cxd4 10. Ne2 Nbc6 11. f4 dxc3 12. Rb1 Bd7 13. h4 O-O-O 14. Qd3
d4 15. h5 Nf5 16. h6 Rg6 17. h7 Rh8 18. g3 Nxe5 19. fxe5 Bc6 20. Rh5 Qxe5 21.
Bf4 Qg7 22. Rxf5 exf5 23. Qxf5+ Re6 24. Bh3 Qxh7 25. Qe5 Kd8 26. Bg5+ Kc8 27.
Bf4 Kd8 28. Qc7+ Ke8 29. Qb8+ Ke7 30. Bg5+ Kd7 31. Rxb7+ Bxb7 32. Qxb7+ Kd6 33.
Bf4+ Kc5 34. Qxa7+ Kb5 35. a4+ Kc6 36. Bg2+ Re4 37. Bxe4+ Qxe4 38. Qc7+ Kd5 39.
Qb7+ 1-0

[Event "Pan Am Open"]
[Site "Detroit, Mich."]
[Date "1992.12.29"]
[Round "4"]
[White "Moody, David"]
[Black "Jointer, William"]
[Result "1-0"]
[WhiteElo "2000"]
[BlackElo "1700"]
[PlyCount "87"]
[EventDate "1992.12.27"]

1. e4 c5 2. c3 g6 3. d4 cxd4 4. cxd4 Bg7 5. Nf3 Nc6 6. Bc4 d6 7. Qb3 e6 8. d5
Na5 9. Qa4+ Bd7 10. Bb5 Nf6 11. Bg5 b6 12. Nc3 Bxb5 13. Nxb5 O-O 14. O-O Qd7
15. dxe6 fxe6 16. Rfd1 a6 17. Nc3 Qxa4 18. Nxa4 Nxe4 19. Nxb6 Nxg5 20. Nxa8
Nxf3+ 21. gxf3 Rxa8 22. Rxd6 Bxb2 23. Rb1 Bf6 24. Rxe6 Kf7 25. Rbb6 Bd8 26.
Rxa6 Rxa6 27. Rxa6 h5 28. Ra7+ Kf6 29. Ra6+ Kf5 30. Ra8 Bb6 31. h4 Nc4 32. Rc8
Ne5 33. Kg2 Nd3 34. a4 Bc5 35. a5 Ne1+ 36. Kf1 Nd3 37. a6 Kf4 38. Rxc5 Nxc5 39.
a7 Kxf3 40. a8=Q+ Ne4 41. Qf8+ Kg4 42. f3+ Kxh4 43. Qf4+ Kh3 44. fxe4 1-0

[Event "Pan-Am Collegiate Team"]
[Site "?"]
[Date "1992.12.29"]
[Round "4"]
[White "Miller, Dan I"]
[Black "Aldrich, Jeff"]
[Result "1/2-1/2"]
[WhiteElo "2294"]
[BlackElo "1947"]
[PlyCount "95"]
[EventDate "1992.??.??"]

1. e4 c6 2. Nc3 d5 3. Nf3 dxe4 4. Nxe4 Nd7 5. Bc4 e6 6. O-O Ngf6 7. Nxf6+ Nxf6
8. d4 Be7 9. Qe2 O-O 10. Bf4 Nd5 11. Bg3 Bd6 12. Bxd6 Qxd6 13. g3 b5 14. Bb3
Bb7 15. Qe5 Qxe5 16. Nxe5 Nf6 17. a4 a6 18. c3 Rfd8 19. Nd3 Nd7 20. Bd1 Nb6 21.
Nc5 Bc8 22. Bf3 Nd5 23. Bxd5 Rxd5 24. b4 Kf8 25. Nd3 f6 26. f4 Bd7 27. Ra2 Be8
28. Nc5 Rd6 29. Rfa1 Ke7 30. Kf2 Bf7 31. axb5 cxb5 32. Ra5 Be8 33. Rxa6 Rdxa6
34. Rxa6 Rxa6 35. Nxa6 Kd6 36. Nc5 e5 37. fxe5+ fxe5 38. Ke3 Kd5 39. dxe5 Kxe5
40. Nb7 Kd5 41. Kf4 Bg6 42. Na5 Bc2 43. h4 h5 44. Kg5 g6 45. Kf6 Bf5 46. Nb3
Kc4 47. Nd4 Bd3 48. Ke5 1/2-1/2

[Event "Pan-Am Collegiate Team"]
[Site "?"]
[Date "1992.12.29"]
[Round "5"]
[White "Bar-Kana, Rennan"]
[Black "Aldrich, Jeff"]
[Result "1-0"]
[WhiteElo "1807"]
[BlackElo "1947"]
[PlyCount "41"]
[EventDate "1992.??.??"]

1. e4 c6 2. d4 d5 3. Nc3 dxe4 4. Nxe4 Nd7 5. Ng5 Ngf6 6. Bc4 e6 7. Qe2 Nb6 8.
Bd3 c5 9. N1f3 Bd7 10. Ne5 Qc7 11. Ngxf7 Rg8 12. O-O a6 13. Bd2 cxd4 14. Rfe1
Nbd5 15. Be4 Rc8 16. Rac1 g6 17. Bxd5 Nxd5 18. Qf3 Bg7 19. Nd6+ Kd8 20. Bg5+
Ne7 21. Nef7# 1-0

[Event "Pan Am Open"]
[Site "Detroit, Mich."]
[Date "1992.12.30"]
[Round "6"]
[White "Morabito, Matthew"]
[Black "Moody, David"]
[Result "1-0"]
[WhiteElo "1728"]
[BlackElo "2000"]
[PlyCount "89"]
[EventDate "1992.12.27"]

1. e4 e5 2. Nf3 Nc6 3. Bb5 a6 4. Ba4 Nf6 5. O-O Be7 6. d3 b5 7. Bb3 O-O 8. Nc3
d6 9. Bd2 Bg4 10. h3 Bxf3 11. Qxf3 Nd4 12. Qd1 Nxb3 13. axb3 d5 14. exd5 Nxd5
15. Qh5 f5 16. Rfe1 b4 17. Nxd5 Qxd5 18. Qe2 Bd6 19. Ra4 a5 20. Rea1 Rf6 21. c4
bxc3 22. Bxc3 Rg6 23. Qf1 Qxb3 24. Rxa5 Rxa5 25. Rxa5 f4 26. Qe1 Qe6 27. Qe4
Rg5 28. Ra8+ Bf8 29. Bb4 Rf5 30. Bc5 h6 31. d4 f3 32. g3 Qd7 33. d5 c6 34. Qxf5
Qxf5 35. Rxf8+ Qxf8 36. Bxf8 Kxf8 37. dxc6 Ke7 38. b4 Kd6 39. b5 g5 40. Kf1 h5
41. Ke1 g4 42. h4 Kc7 43. Kd2 Kb6 44. Kd3 Kc7 45. Ke4 1-0